Statistics for Seven Deadly Sins Magical Abilities

Click here to take the quiz!

General Stats

  • This quiz has been taken 174 times
  • The average score is 7 of 21

Answer Stats

HintAnswer% Correct
Meliodas / EsterossaFull counter
88%
Mael / EscanorSunshine
83%
BanSnatch
53%
MerlinInfinity
48%
DerieriCombo Star
44%
King / HarlequinDisaster
40%
GloxiniaDisaster
40%
ZeldrisOminous Nebula
32%
The Demon KingRuler
31%
GallandCritical Over
29%
DianeEarth
29%
GowtherInvasion
29%
ElizabethArk
28%
FraudrinFull Size
25%
GillaExplosion
22%
GillthunderLightning
22%
MonspeetTrick Star
21%
ElaineWind
20%
DroleGround
18%
MelasculaHell Gate
17%
GrayroadCurse
14%

Score Distribution

Percentile by Number Answered

Percent of People with Each Score

Your Score History

You have not taken this quiz